| 000 | 00866nam a2200217Ia 4500 | ||
|---|---|---|---|
| 999 |
_c34498 _d34498 |
||
| 003 | GCL | ||
| 005 | 20240530102750.0 | ||
| 008 | 140319s1988 ua 000 0 ara d | ||
| 040 |
_aGCL / _cGCL |
||
| 082 | 0 | 4 |
_a210/ _bم إ |
| 100 | 0 | _aحلمى عبد المنعم صابر | |
| 245 | 1 | 2 |
_aالوقت فى الاسلام : _bدراسة تحليلية فى ضوء القران والسنه والفكر الفلسفى / _cحلمى عبد المنعم صابر |
| 260 |
_aالقاهرة : _bالمؤسسة العربية الحديثة ، _c1988. |
||
| 300 |
_a152 ص. ؛ _c19 سم. |
||
| 490 | 0 |
_aاسلاميات. مكتبة المسلم العصرية؛ _v85. |
|
| 650 | 0 | 7 |
_aالاسلام _2qrmak |
| 650 | 0 | 7 |
_aالالفاظ فى القران _2qrmak |
| 650 | 0 | 7 |
_aالبلاغة فى القران _2qrmak |
| 650 | 0 | 7 |
_aالقران _2qrmak |
| 942 |
_2ddc _cBK |
||